El fantasma de las alas de oro y Luna Benamor / (Registro nro. 9357)

Detalles MARC
000 -LIDER
fixed length control field 00684nam a22002417a 4500
001 - NÚMERO DE CONTROL
Identificador de número de control 000198
003 - IDENTIFICACDOR DE NÚMERO DE CONTROL
control field DO-SdBNP
005 - DATE AND TIME OF LATEST TRANSACTION
control field 20180124095749.0
007 - CAMPOS FIJOS DE DESCRIPCIÓN FÍSICA
fixed length control field 000198
008 - ELEMENTOS DE LONGITUD FIJA
fixed length control field 151210b 1948 sp a 00| 0 spa d
040 ## - FUENTE DE CATALOGACIÓN
Agencia que crea de manera original el registro BPMSU
Idioma de catalogación spa
Agencia que realiza la transcripción BPMSU
092 ## - LOCALLY ASSIGNED DEWEY DECIMAL CALL NUMBER
Número de clasificación xxxx
Número de ítem (Cutter) xxxx
100 ## - ASIENTO PRINCIPAL -- NOMBRE PERSONAL
Nombre personal Blasco Ibáñez, Vicente
245 13 - MENCIÓN DE TITULO
Título El fantasma de las alas de oro y Luna Benamor /
Mención de responsabilidad Vicente Blasco Ibáñez
260 ## - PUBLICACIÓN, DISTRIBUCIÓN, ETC. (PIE DE IMPRENTA)
Lugar de publicación, distribución, etc Barcelona ;
Nombre del editor, distribuidor, etc. Planeta,
Fecha de publicación, distribución, etc 1948.
300 ## - DESCRIPCIÓN FÍSICA
Extensión 330 p.;
Dimensiones 19 cm.
490 1# - MENCIÓN DE SERIES
Mención de serie Autores españoles contemporáneos
830 #0 - ASIENTO SECUNDARIO DE SERIE--TÍTULO UNIFORME
Título uniforme Autores españoles contemporáneos
910 ## - VALIDACIÓN
Validación 00144
942 ## - ADDED ENTRY ELEMENTS (KOHA)
Source of classification or shelving scheme Dewey Decimal Classification
Koha item type Libros
945 ## - INFORMACIÓN DE PROCESAMIENTO LOCAL
Información de procesamiento local Inventariado, 2018 / YL
956 ## - LOCAL ELECTRONIC LOCATION AND ACCESS (OCLC)
Nombre de host YLOCKWARD
Número de acceso 10
Información de compresión BPMSU
Existencias
Withdrawn status Lost status Source of classification or shelving scheme Damaged status Not for loan Home library Current library Date acquired Source of acquisition Total Checkouts Barcode Date last seen Price effective from Koha item type
    Dewey Decimal Classification     Biblioteca Pública Metropolitana Salomé Ureña Biblioteca Pública Metropolitana Salomé Ureña 03/21/2016 Donación   BPMSU16030241 03/21/2016 03/21/2016 Libros